| 000 | 00917nam a2200241 a 4500 | ||
|---|---|---|---|
| 008 | 060424s1996 ||||||||||||||||| || u | ||
| 020 | _a9250037821 | ||
| 050 | _aSB 123 Wor | ||
| 100 | _aBeaney, J. (Jayne) | ||
| 245 | 1 | 0 |
_aWorld list of seed sources. (4th ed.) _cedited by E. Sgaravatti |
| 246 | _aListe mondiale de sources de semences | ||
| 250 | _a4th ed. | ||
| 260 |
_aRome : _bFood and Agriculture Organization of the United Nations _c1996 |
||
| 260 |
_aRome : _bFAO _c1996 |
||
| 300 | _axiii, 623 p. | ||
| 350 | _a0.00 | ||
| 500 | _a"M-13"--T.p. verso. | ||
| 650 | _aGermplasm resources, Plant - Directories | ||
| 650 | _aSeed industry and trade - Directories | ||
| 700 | _aSgaravatti, E | ||
| 710 | _aFood and Agriculture Organization of the United Nations (FAO) | ||
| 995 |
_D0.00 _FCBU-MAIN LIBRARY (Kitwe) _H1 _I29.00 _M1 _UREFERENCE _ZReference Collection |
||
| 999 |
_c62127 _d62127 |
||